Juan Salvador Gaviota : (Registro nro. 6560)
[ vista simple ]
| 000 -LEADER | |
|---|---|
| fixed length control field | 00938nam a22002657a 4500 |
| 003 - CONTROL NUMBER IDENTIFIER | |
| control field | OSt |
| 005 - DATE AND TIME OF LATEST TRANSACTION | |
| control field | 20250729155244.0 |
| 008 - FIXED-LENGTH DATA ELEMENTS--GENERAL INFORMATION | |
| fixed length control field | 200219t1972 ck o|||dr|||| 00| j spa d |
| 020 ## - INTERNATIONAL STANDARD BOOK NUMBER | |
| International Standard Book Number | 8422605082 |
| 040 ## - CATALOGING SOURCE | |
| Original cataloging agency | CO-JMCR |
| Transcribing agency | CO-JMCR |
| 041 1# - LANGUAGE CODE | |
| Language code of text/sound track or separate title | spa |
| Language code of original | eng |
| 082 04 - DEWEY DECIMAL CLASSIFICATION NUMBER | |
| Classification number | J-C |
| Item number | BACj |
| 100 1# - MAIN ENTRY--PERSONAL NAME | |
| Personal name | Bach, Richard, |
| Relator term | autor |
| 9 (RLIN) | 766 |
| 245 10 - TITLE STATEMENT | |
| Title | Juan Salvador Gaviota : |
| Remainder of title | un relato / |
| Statement of responsibility, etc. | Richard Bach ; fotografías de Russell Munson ; traducción de Carol y Frederick Howell |
| 260 ## - PUBLICATION, DISTRIBUTION, ETC. | |
| Place of publication, distribution, etc. | Bogotá : |
| Name of publisher, distributor, etc. | Circulo de Lectores, |
| Date of publication, distribution, etc. | 1972 |
| 300 ## - PHYSICAL DESCRIPTION | |
| Extent | 147 páginas : |
| Other physical details | fotografías a blanco y negro ; |
| Dimensions | 21 cm. |
| 546 ## - LANGUAGE NOTE | |
| Language note | Traducido del inglés |
| 650 14 - SUBJECT ADDED ENTRY--TOPICAL TERM | |
| Topical term or geographic name entry element | Cuentos estadounidenses |
| 9 (RLIN) | 767 |
| 650 14 - SUBJECT ADDED ENTRY--TOPICAL TERM | |
| Topical term or geographic name entry element | Metáforas en literatura |
| 9 (RLIN) | 769 |
| 650 14 - SUBJECT ADDED ENTRY--TOPICAL TERM | |
| Topical term or geographic name entry element | Solidaridad en la literatura |
| 9 (RLIN) | 770 |
| 700 1# - ADDED ENTRY--PERSONAL NAME | |
| Personal name | Munson, Russell, |
| Relator term | fotógrafo |
| 9 (RLIN) | 771 |
| 700 1# - ADDED ENTRY--PERSONAL NAME | |
| Personal name | Howell, Carol, |
| Dates associated with a name | traductora |
| 9 (RLIN) | 774 |
| 700 1# - ADDED ENTRY--PERSONAL NAME | |
| Personal name | Howell, Frederick, |
| Dates associated with a name | traductor |
| 9 (RLIN) | 775 |
| 942 ## - ADDED ENTRY ELEMENTS (KOHA) | |
| Source of classification or shelving scheme | Dewey Decimal Classification |
| Koha item type | Books |
| Withdrawn status | Lost status | Source of classification or shelving scheme | Damaged status | Not for loan | Collection code | Home library | Current library | Shelving location | Date acquired | Source of acquisition | Cost, normal purchase price | Total Checkouts | Full call number | Barcode | Date last seen | Date last checked out | Copy number | Price effective from | Koha item type |
|---|---|---|---|---|---|---|---|---|---|---|---|---|---|---|---|---|---|---|---|
| Dewey Decimal Classification | Fiction | Biblioteca Pública José María del Castillo y Rada | Biblioteca Pública José María del Castillo y Rada | Processing Center | 01/15/2018 | Donación | 0.00 | 3 | J-C BACj | 201809388 | 08/27/2024 | 08/27/2024 | Ej.1 | 02/19/2020 | Books |